|
|
|
|
| LEADER |
00742ntm a2200169 i 4500 |
| 001 |
misc47872 |
| 005 |
20241203104519.0 |
| 008 |
201119s1937 hu o 000 hun d |
| 040 |
|
|
|a SZTE Miscellanea Repozitórium
|b hun
|
| 041 |
|
|
|a hun
|
| 245 |
0 |
2 |
|a A Gyógyszerészi Közlöny szerkesztőségének gratuláló levele Szent-Györgyi Alberthez. Koritsánszky Ottó szerkesztő aláírásával
|h [elektronikus dokumentum]
|
| 260 |
|
|
|c 1937-11-11
|
| 300 |
|
|
|a 1 fol.
|
| 561 |
|
|
|a Szent-Györgyi Albert gratuláló levelek
|
| 695 |
|
|
|a Levelezés - Gyógyszerészi Közlöny szerkesztősége - Szent-Györgyi Albert, Nobel-díj - 1937
|
| 700 |
0 |
1 |
|a Koritsánszky Ottó
|
| 856 |
4 |
0 |
|u http://misc.bibl.u-szeged.hu/47872/1/1937november_086.pdf
|z Dokumentum-elérés
|